000 00536nam a2200181Ia 4500
003 GCL
008 140319s9999 xx 000 0 eng d
040 _aGCL /
_cGCL
082 0 4 _a622.28
_bP A
100 1 _aPASAMEHMETOGLU, A. G
245 1 0 _aASSESSMENT AND PRESENTATION OF FAILURE PHENOMENA IN ROCK ENGINEERING /
_cPASAMEHMETOGLU, A. G
260 _a[S.N] :
_bA.A.BALKEMA,ROTTERDAM ،
_c1993
300 _a980 P
650 0 4 _aالتحليل الرياضى
650 0 4 _aMECHANICS
650 0 4 _aROCK ENGINEERING
942 _2ddc
_cBK
999 _c17145
_d17145